[Event "1st Grand Europe Open"]
[Site "Golden Sands BUL"]
[Date "2012.06.06"]
[Round "3.21"]
[White "Thejkumar, M. S."]
[Black "Melkumyan, Hrant"]
[Result "1-0"]
[WhiteTitle "IM"]
[BlackTitle "GM"]
[WhiteElo "2450"]
[BlackElo "2642"]
[WhiteFideId "5009154"]
[BlackFideId "13302485"]
[EventDate "2012.06.04"]
[EventType "swiss"]

1. d4 Nf6 2. c4 g6 3. Nc3 d5 4. Nf3 Bg7 5. Qb3 dxc4 6. Qxc4 O-O 7. e4 Na6 8. Be2
c5 9. d5 e6 10. O-O exd5 11. exd5 Bf5 12. Rd1 Qb6 13. Qh4 Bc2 14. Rd2 Bf5 15.
Rd1 Rfe8 16. d6 Rad8 17. Bb5 Rf8 18. Bf4 h6 19. a4 Qa5 20. Bxh6 Qb4 21. Bg5 Qxh4
22. Bxh4 Nb4 23. Rd2 a6 24. Bc4 Rfe8 25. h3 Be6 26. Ne5 Bxc4 27. Nxc4 Re6 28. a5
Rd7 29. Rad1 Ne8 30. Na4 Bd4 31. Nab6 Rdxd6 32. Nxd6 Nxd6 33. Kf1 g5 34. Rxd4
cxd4 35. Bxg5 d3 36. Bd2 Nc2 37. Bc3 Ne4 38. Nd5 d2 39. g3 Rd6 40. Nb4 Nxc3 41.
bxc3 Na3 42. Ke2 Nc4 43. Nc2 Nxa5 44. Rxd2 Rc6 45. Rd8+ Kg7 46. Kd3 Rf6 47. f4
Nc6 48. Rd7 Rh6 49. Ke4 Rxh3 50. Ne3 Na5 51. g4 Nb3 52. Nf5+ Kg6 53. Rd6+ f6 54.
Ne7+ Kg7 55. Nd5 Nc5+ 56. Kf5 Rd3 57. Nxf6 Rxc3 58. Nh5+ Kf8 59. g5 Ke7 60. Rh6
Nd7 61. Rh7+ Kd6 62. g6 Rc1 63. Kg5 Rc8 64. g7 Rc5+ 65. Kh6 Ke7 66. g8=Q+ 1-0

[Event "1st Grand Europe Open"]
[Site "Golden Sands BUL"]
[Date "2012.06.06"]
[Round "3.23"]
[White "Solak, Dragan"]
[Black "Velikov, Petar"]
[Result "1-0"]
[WhiteTitle "GM"]
[BlackTitle "GM"]
[WhiteElo "2586"]
[BlackElo "2416"]
[WhiteFideId "916811"]
[BlackFideId "2900149"]
[EventDate "2012.06.04"]
[EventType "swiss"]

1. e4 c5 2. Nf3 e6 3. c4 Nc6 4. Nc3 e5 5. d3 d6 6. Be2 g6 7. h4 h5 8. Nd5 Bh6 9.
Be3 Bxe3 10. fxe3 Nce7 11. O-O Nxd5 12. cxd5 Nh6 13. d4 cxd4 14. exd4 Qb6 15.
Qb3 Qxb3 16. axb3 exd4 17. Nxd4 Bd7 18. b4 Kd8 19. b5 Re8 20. Bd3 Ng4 21. Ra3
Ne5 22. Be2 Bc8 23. b6 Nd7 24. Nb5 Rxe4 25. Bd3 Rb4 26. Nc7 Nxb6 27. Nxa8 Nxa8
28. Rxf7 Nb6 29. Bxg6 Rxh4 30. Rxa7 Nxd5 31. Ra8 Nb6 32. Rb8 Rb4 33. Rfxb7 1-0

[Event "1st Grand Europe Open"]
[Site "Golden Sands BUL"]
[Date "2012.06.06"]
[Round "3.34"]
[White "Blomqvist, Erik"]
[Black "AlHuwar, Jasem"]
[Result "1/2-1/2"]
[WhiteTitle "IM"]
[BlackTitle "FM"]
[WhiteElo "2454"]
[BlackElo "2270"]
[WhiteFideId "1709437"]
[BlackFideId "9300465"]
[EventDate "2012.06.04"]
[EventType "swiss"]

1. d4 Nf6 2. c4 g6 3. Nc3 d5 4. Nf3 Bg7 5. Qa4+ c6 6. cxd5 Nxd5 7. e4 Nb6 8. Qc2
O-O 9. Be3 f5 10. exf5 gxf5 11. g3 Nd5 12. Nxd5 cxd5 13. Bg2 Qa5+ 14. Bd2 Qa6
15. Qc5 Nc6 16. Qxd5+ e6 17. Qc5 Rd8 18. Bf1 Nxd4 19. Bxa6 Nxf3+ 20. Ke2 Rxd2+
21. Kxf3 Bd4 22. Qxd4 Rxd4 23. Be2 Bd7 24. Rhd1 Bc6+ 25. Ke3 Rb4 26. b3 Re4+ 27.
Kd2 Rd8+ 28. Ke1 Rxd1+ 29. Kxd1 Kf7 30. Kd2 Kf6 31. Bd3 Rd4 32. Ke3 Rd7 33. f4
e5 34. fxe5+ Kxe5 35. Rc1 Re7 36. a3 Kf6+ 37. Kf2 Rd7 38. Rc3 Rd5 39. a4 b6 40.
Ke3 Re5+ 41. Kf2 Rd5 42. h3 Rd7 43. a5 Rd6 44. Ke3 Re6+ 45. Kf4 Be4 46. Bc4 Re5
47. b4 Bg2 48. Bd3 Be4 49. Bc4 Bg2 50. Bd3 1/2-1/2

[Event "1st Grand Europe Open"]
[Site "Golden Sands BUL"]
[Date "2012.06.06"]
[Round "3.35"]
[White "Akopian, Vladimir"]
[Black "Spiridonov, Nikola"]
[Result "1-0"]
[WhiteTitle "GM"]
[BlackTitle "GM"]
[WhiteElo "2697"]
[BlackElo "2240"]
[WhiteFideId "13300032"]
[BlackFideId "2900238"]
[EventDate "2012.06.04"]
[EventType "swiss"]

1. e4 c6 2. d4 d5 3. e5 Bf5 4. h4 h5 5. c4 e6 6. Nc3 Nd7 7. Bg5 f6 8. exf6 gxf6
9. Bf4 dxc4 10. Bxc4 Nb6 11. Bb3 Ne7 12. Nge2 Ned5 13. O-O Qd7 14. Bg3 Bh6 15.
Nxd5 exd5 16. Nf4 O-O-O 17. Nxh5 Rdf8 18. Qe1 Kd8 19. Qa5 Bg6 20. Bd1 Qf5 21.
Qxa7 Nd7 22. Re1 1-0

[Event "1st Grand Europe Open"]
[Site "Golden Sands BUL"]
[Date "2012.06.06"]
[Round "3.37"]
[White "Vuckovic, Bojan"]
[Black "Prodileanu, Adrian"]
[Result "1-0"]
[WhiteTitle "GM"]
[WhiteElo "2628"]
[BlackElo "2226"]
[WhiteFideId "922277"]
[BlackFideId "1208861"]
[EventDate "2012.06.04"]
[EventType "swiss"]

1. e4 c6 2. d4 d5 3. e5 Bf5 4. Nf3 e6 5. Be2 c5 6. Be3 cxd4 7. Nxd4 Ne7 8. Nd2
Nbc6 9. N2f3 Bg4 10. O-O g6 11. c3 Bg7 12. Bf4 Bxf3 13. Nxf3 O-O 14. Re1 Qb6 15.
Qd2 Rad8 16. Bd3 d4 17. c4 Qc5 18. a3 a5 19. Re4 Rfe8 20. Rae1 a4 21. Bh6 Nf5
22. Bxg7 Kxg7 23. Qf4 h5 24. h3 Rh8 25. g4 hxg4 26. hxg4 Nh6 27. Qf6+ Kg8 28.
Kg2 1-0

[Event "1st Grand Europe Open"]
[Site "Golden Sands BUL"]
[Date "2012.06.06"]
[Round "3.39"]
[White "Atalik, Suat"]
[Black "Atanasov, Radislav"]
[Result "1-0"]
[WhiteTitle "GM"]
[WhiteElo "2608"]
[BlackElo "2218"]
[WhiteFideId "14401487"]
[BlackFideId "2901471"]
[EventDate "2012.06.04"]
[EventType "swiss"]

1. d4 Nf6 2. c4 c5 3. d5 e6 4. Nc3 exd5 5. cxd5 d6 6. Nf3 g6 7. Nd2 Nbd7 8. e4
Bg7 9. Be2 O-O 10. O-O Re8 11. a4 a6 12. h3 Rb8 13. Ra3 Qc7 14. Re1 h6 15. a5 b5
16. axb6 Rxb6 17. Qc2 g5 18. Nc4 Rb4 19. h4 g4 20. Bf4 Ne5 21. Bxe5 dxe5 22. Rd1
Rd8 23. Na2 Rb8 24. Na5 Bd7 1-0

[Event "1st Grand Europe Open"]
[Site "Golden Sands BUL"]
[Date "2012.06.06"]
[Round "3.41"]
[White "Andersen, Alf R."]
[Black "Chatalbashev, Boris"]
[Result "0-1"]
[BlackTitle "GM"]
[WhiteElo "2199"]
[BlackElo "2575"]
[WhiteFideId "1503120"]
[BlackFideId "2900440"]
[EventDate "2012.06.04"]
[EventType "swiss"]

1. e4 c5 2. Nf3 Nc6 3. d4 cxd4 4. Nxd4 g6 5. Be3 Nf6 6. Nc3 Bg7 7. Bc4 O-O 8.
Bb3 d6 9. f3 Bd7 10. Qd2 Nxd4 11. Bxd4 b5 12. Nd5 Nxd5 13. Bxg7 Kxg7 14. exd5
Qb6 15. h4 h5 16. O-O-O a5 17. c3 b4 18. Qd4+ Qxd4 19. Rxd4 a4 20. Bc4 bxc3 21.
bxc3 Rfc8 22. Re1 Kf8 23. Kc2 Rc5 24. Bd3 Rac8 25. c4 e5 26. dxe6 Bxe6 27. Rxd6
Bxc4 28. Bxc4 Rxc4+ 29. Kd3 Rxh4 30. Re2 Rh1 31. Ra6 Rd1+ 32. Ke3 Rc4 33. Kf2 h4
34. Ra7 Kg7 35. a3 Ra1 36. Ree7 Rc2+ 37. Ke3 Re1+ 38. Kf4 Rxe7 39. Rxe7 Rxg2 40.
Re4 h3 41. Ke3 g5 0-1

[Event "1st Grand Europe Open"]
[Site "Golden Sands BUL"]
[Date "2012.06.06"]
[Round "3.42"]
[White "Nikolov, Momchil"]
[Black "Konijn, Bart"]
[Result "1-0"]
[WhiteTitle "GM"]
[WhiteElo "2553"]
[BlackElo "2211"]
[WhiteFideId "2905710"]
[BlackFideId "1016300"]
[EventDate "2012.06.04"]
[EventType "swiss"]

1. d4 d5 2. Nf3 Nf6 3. c4 c6 4. Nc3 e6 5. Bg5 h6 6. Bxf6 Qxf6 7. e3 Nd7 8. Bd3
Bd6 9. O-O Qe7 10. e4 dxc4 11. Bxc4 e5 12. d5 c5 13. a4 O-O 14. a5 Nf6 15. Nd2
Ne8 16. Be2 g6 17. Nc4 Bd7 18. Qb3 Nc7 19. Na3 f5 20. Ncb5 Nxb5 21. Bxb5 Bc8 22.
Bd3 Kh7 23. Nc4 f4 24. Be2 g5 25. h3 g4 26. Bxg4 Bxg4 27. hxg4 f3 28. gxf3 Rf7
29. Kg2 Raf8 30. Ra3 Rf4 31. Rh1 R8f7 32. Rh3 Qf6 33. Qe3 Be7 34. Rh5 1-0

[Event "1st Grand Europe Open"]
[Site "Golden Sands BUL"]
[Date "2012.06.06"]
[Round "3.43"]
[White "Bick, John D."]
[Black "Carlsson, Pontus"]
[Result "0-1"]
[WhiteTitle "FM"]
[BlackTitle "GM"]
[WhiteElo "2181"]
[BlackElo "2531"]
[WhiteFideId "2012790"]
[BlackFideId "1705814"]
[EventDate "2012.06.04"]
[EventType "swiss"]

1. d4 Nf6 2. c4 e6 3. Nc3 Bb4 4. e3 O-O 5. Bd3 d5 6. cxd5 exd5 7. Ne2 Re8 8. O-O
Bd6 9. h3 c6 10. Qc2 Nbd7 11. Rb1 Qe7 12. Bd2 Ne4 13. Be1 Nf8 14. Bxe4 dxe4 15.
Ng3 f5 16. f4 Be6 17. b3 Rac8 18. Rd1 Nd7 19. Qb1 Qf7 20. Qb2 b5 21. Bf2 Nb6 22.
Rc1 a5 23. Rfd1 a4 0-1

[Event "1st Grand Europe Open"]
[Site "Golden Sands BUL"]
[Date "2012.06.06"]
[Round "3.44"]
[White "Melashvili, Nino"]
[Black "Chirila, Ioan-Cristian"]
[Result "1/2-1/2"]
[WhiteTitle "WIM"]
[BlackTitle "GM"]
[WhiteElo "2158"]
[BlackElo "2521"]
[WhiteFideId "13600397"]
[BlackFideId "1211668"]
[EventDate "2012.06.04"]
[EventType "swiss"]

1. Nf3 Nf6 2. d4 e6 3. Bf4 c5 4. e3 b6 5. Bd3 Bb7 6. O-O Be7 7. h3 Nc6 8. c3 O-O
9. Qe2 Rc8 10. Ba6 Bxa6 11. Qxa6 d6 12. Qe2 Qc7 13. Nbd2 Qb7 14. a3 cxd4 15.
cxd4 b5 16. e4 Rfe8 17. e5 Nd5 18. Bg3 dxe5 19. dxe5 Na5 20. Rac1 b4 21. a4 h6
22. Nd4 Rxc1 23. Rxc1 Rc8 24. Rxc8+ Qxc8 1/2-1/2

[Event "1st Grand Europe Open"]
[Site "Golden Sands BUL"]
[Date "2012.06.06"]
[Round "3.45"]
[White "Kanarek, Marcel"]
[Black "Koksal, Ege"]
[Result "1-0"]
[WhiteTitle "IM"]
[WhiteElo "2484"]
[BlackElo "2200"]
[WhiteFideId "1126822"]
[BlackFideId "6317626"]
[EventDate "2012.06.04"]
[EventType "swiss"]

1. c4 e5 2. Nc3 Nc6 3. Nf3 Nf6 4. g3 g6 5. Bg2 Bg7 6. O-O O-O 7. Rb1 d6 8. b4
Be6 9. b5 Ne7 10. d3 h6 11. Qc2 Nd7 12. Nd2 Rb8 13. Ba3 f5 14. Nd5 Bxd5 15. cxd5
b6 16. Rfc1 Nc5 17. e3 g5 18. Rb4 f4 19. d4 fxe3 20. fxe3 exd4 21. exd4 a5 22.
Rc4 Nd7 23. Qe4 Rb7 24. Bh3 Nf6 25. Be6+ Kh8 26. Qg2 Qe8 27. Ne4 Nfxd5 28. Nxg5
Ra7 29. Kh1 Qh5 30. Bxd5 Nxd5 31. Qxd5 hxg5 32. Qg2 g4 33. d5 Rf3 34. Bb2 Rf7
35. Bxg7+ Rxg7 36. Qe4 Ra8 37. Rxc7 Rxc7 38. Rxc7 Re8 1-0

[Event "1st Grand Europe Open"]
[Site "Golden Sands BUL"]
[Date "2012.06.06"]
[Round "3.48"]
[White "Ibrahim, Ismail UAE"]
[Black "Lilov, Valeri"]
[Result "0-1"]
[BlackTitle "FM"]
[WhiteElo "2147"]
[BlackElo "2430"]
[WhiteFideId "9301038"]
[BlackFideId "2906597"]
[EventDate "2012.06.04"]
[EventType "swiss"]

1. e4 c5 2. Nf3 d6 3. c3 Nf6 4. Be2 Bg4 5. e5 dxe5 6. Qb3 Qc7 7. Ng5 c4 8. Bxc4
e6 9. d3 a6 10. a4 Nc6 11. Nd2 Na5 12. Qa2 Rd8 13. f3 Bf5 14. Nde4 Nd5 15. b4
Nxc4 16. dxc4 Nf4 17. Bxf4 exf4 18. c5 Be7 19. O-O O-O 20. Rad1 Qe5 21. Qc4 Rxd1
22. Rxd1 Bxg5 23. Nxg5 Bc2 0-1

[Event "1st Grand Europe Open"]
[Site "Golden Sands BUL"]
[Date "2012.06.06"]
[Round "3.49"]
[White "Janchev, Petar"]
[Black "Enchev, Ivajlo"]
[Result "0-1"]
[BlackTitle "IM"]
[WhiteElo "2143"]
[BlackElo "2419"]
[WhiteFideId "2903016"]
[BlackFideId "2907712"]
[EventDate "2012.06.04"]
[EventType "swiss"]

1. Nf3 c5 2. c4 b6 3. Nc3 Bb7 4. e4 e6 5. Bd3 Nc6 6. O-O g6 7. Qe2 Bg7 8. e5 d6
9. exd6 Qxd6 10. Bc2 Nge7 11. b3 Qd7 12. Rb1 Rd8 13. Bb2 O-O 14. Ne4 e5 15. d3
Nf5 16. a3 Rfe8 17. b4 cxb4 18. Ba4 b3 19. c5 Ncd4 20. Nxd4 Nxd4 21. Bxd4 Qxa4
22. Be3 Ba6 23. Nd6 Re6 24. Qf3 Rf6 25. Qd5 bxc5 26. Bxc5 Qa5 27. Qc6 Bxd3 28.
Bb4 Qb6 29. Qxb6 axb6 30. Nb7 Rb8 31. Rxb3 Bxf1 0-1

[Event "1st Grand Europe Open"]
[Site "Golden Sands BUL"]
[Date "2012.06.06"]
[Round "3.50"]
[White "Foisor, Cristina-Adela"]
[Black "Zavialov, Volodymyr"]
[Result "0-1"]
[WhiteTitle "IM"]
[WhiteElo "2417"]
[BlackElo "2155"]
[WhiteFideId "1200496"]
[BlackFideId "14137739"]
[EventDate "2012.06.04"]
[EventType "swiss"]

1. c4 Nf6 2. g3 g6 3. Bg2 Bg7 4. Nc3 O-O 5. d4 d6 6. Nf3 c6 7. O-O Nbd7 8. a4 e5
9. e3 Qc7 10. b3 Rd8 11. Ra2 Nf8 12. d5 c5 13. a5 a6 14. Bd2 Bf5 15. Na4 Bd3 16.
Re1 e4 17. Nh4 N8d7 18. f4 exf3 19. Nxf3 Be4 20. Ng5 Bxg2 21. Kxg2 Ne5 22. Rf1
Qe7 23. Nh3 Nfd7 24. Bc3 Rf8 25. Nf2 Rae8 26. e4 h5 27. Re2 h4 28. Nb2 hxg3 29.
hxg3 Qg5 30. Nh3 Qd8 31. Qd2 b5 32. Nd3 b4 33. Bxe5 Nxe5 34. Nhf2 Qxa5 35. Rh1
Qd8 36. Nxe5 Rxe5 37. Ng4 Rg5 38. Rh4 Qe7 39. Nh2 Be5 40. Rh3 Bc3 41. Qf4 Qe5
42. Qf3 Qf6 43. Qd3 Qd4 44. Qc2 Qg7 45. Qc1 f6 46. Rh4 Be5 47. Rh3 Rh5 48. Nf3
Rxh3 49. Kxh3 Qh7+ 50. Kg2 Qh5 51. Qe3 Qg4 52. Nh2 Qh5 53. Ra2 f5 54. Rxa6 f4
55. gxf4 Bxf4 56. Qh3 Qe2+ 57. Kh1 Qxe4+ 58. Qg2 Qb1+ 59. Qg1 Qxg1+ 60. Kxg1 Kg7
61. Ng4 g5 62. Kg2 Kg6 63. Ra7 Rf7 64. Ra8 Re7 65. Kf3 Re1 66. Rg8+ Kf7 67. Nh6+
Kf6 68. Ng4+ Kf7 69. Nh6+ Ke7 70. Kg4 Rb1 71. Kf5 Rxb3 72. Ng4 Kd7 73. Rg7+ Kc8
74. Nf6 Rc3 75. Ng8 Rxc4 76. Ne7+ Kb7 77. Nc6+ Kb6 78. Ke6 Re4+ 79. Kd7 Kb5 80.
Nd8 Kc4 81. Nf7 Kxd5 82. Nxg5 Bxg5 83. Rxg5+ Re5 84. Rg6 Rh5 85. Rxd6+ Kc4 86.
Ke6 b3 0-1

[Event "1st Grand Europe Open"]
[Site "Golden Sands BUL"]
[Date "2012.06.06"]
[Round "3.52"]
[White "Akshat, Khamparia"]
[Black "Pogosian, Vladimir"]
[Result "1-0"]
[WhiteTitle "IM"]
[WhiteElo "2400"]
[BlackElo "2146"]
[WhiteFideId "5016541"]
[BlackFideId "13301586"]
[EventDate "2012.06.04"]
[EventType "swiss"]

1. d4 f5 2. Bg5 h6 3. Bh4 c5 4. e3 Qb6 5. Nf3 cxd4 6. Nxd4 g5 7. Bg3 f4 8. exf4
Qxb2 9. Nb3 Nc6 10. Bd3 gxf4 11. Bxf4 Qf6 12. Be3 Bg7 13. N1d2 Qf7 14. c3 Nf6
15. O-O O-O 16. Nf3 e5 17. Qc2 d5 18. Bg6 Qc7 19. Qd2 Ne7 20. Bc2 Ng4 21. Bc5 e4
22. Bxe7 exf3 23. Qxd5+ Kh8 24. Bd6 Qd8 25. Rfd1 Qh4 26. Bg3 Qe7 27. Re1 Qd7 28.
Qc4 fxg2 29. Nd4 b5 30. Qd3 Bxd4 31. cxd4 Bb7 32. Re6 Rf3 33. Rxh6+ Nxh6 34.
Be5+ Kg8 35. Qg6+ Kf8 36. Bd6+ 1-0

[Event "1st Grand Europe Open"]
[Site "Golden Sands BUL"]
[Date "2012.06.06"]
[Round "3.53"]
[White "Ivanov, Tsvetalin"]
[Black "Mollov, Ergin"]
[Result "1-0"]
[BlackTitle "IM"]
[WhiteElo "2139"]
[BlackElo "2394"]
[WhiteFideId "2907720"]
[BlackFideId "2900343"]
[EventDate "2012.06.04"]
[EventType "swiss"]

1. d4 Nf6 2. c4 d6 3. Nc3 e5 4. Nf3 Nc6 5. g3 Bg4 6. d5 Nb8 7. Bg2 Nbd7 8. Qc2
Be7 9. O-O O-O 10. a3 Ne8 11. h3 Bh5 12. g4 Bg6 13. e4 Nef6 14. Ne1 c6 15. Be3
Nb6 16. Qb3 Nfd7 17. Nd3 Bg5 18. Rae1 Rc8 19. Nd1 a5 20. Bxg5 Qxg5 21. Ne3 a4
22. Qb4 Qe7 23. Rc1 c5 24. Qd2 Na8 25. Qc2 b5 26. cxb5 Ndb6 27. b3 Qa7 28. Nb2
Nc7 29. Qd3 Ra8 30. Ra1 Rfb8 31. Rfb1 axb3 32. a4 Nxb5 33. axb5 Qxa1 34. Rxa1
Rxa1+ 35. Kh2 Na4 36. Qxb3 Nxb2 37. Qxb2 Ra4 38. Nc2 Bxe4 39. Bxe4 Rxe4 40. b6
Ra4 41. Qb5 Ra2 42. Ne3 Rxf2+ 43. Kg3 Rf4 44. Nc2 f5 45. gxf5 Re4 46. b7 1-0

[Event "1st Grand Europe Open"]
[Site "Golden Sands BUL"]
[Date "2012.06.06"]
[Round "3.54"]
[White "Nikolov, Sasho"]
[Black "Ibryamov, Ilhan"]
[Result "1-0"]
[WhiteTitle "IM"]
[WhiteElo "2384"]
[BlackElo "2142"]
[WhiteFideId "2900297"]
[BlackFideId "2918854"]
[EventDate "2012.06.04"]
[EventType "swiss"]

1. d4 d5 2. c4 e6 3. Nc3 Nf6 4. cxd5 exd5 5. Bg5 c6 6. Qc2 Be7 7. e3 O-O 8. Bd3
Nbd7 9. Nf3 Re8 10. O-O Nf8 11. h3 Ng6 12. Rae1 Ne4 13. Bf4 Nxc3 14. bxc3 Bd6
15. Ng5 Qf6 16. Bxd6 Qxd6 17. f4 Bd7 18. e4 dxe4 19. Bc4 Nh8 20. Rxe4 Rxe4 21.
Qxe4 g6 22. Qe5 Qf8 23. Ne4 1-0

[Event "1st Grand Europe Open"]
[Site "Golden Sands BUL"]
[Date "2012.06.06"]
[Round "3.56"]
[White "Rzayev, Bahruz"]
[Black "Gavriilidis, Georgios"]
[Result "0-1"]
[WhiteElo "2380"]
[BlackElo "2135"]
[WhiteFideId "13403036"]
[BlackFideId "4206894"]
[EventDate "2012.06.04"]
[EventType "swiss"]

1. e4 c6 2. d4 d5 3. f3 Qb6 4. c3 e5 5. exd5 cxd5 6. Qe2 Nc6 7. Be3 Bf5 8. f4
Bxb1 9. Rxb1 e4 10. Nh3 Nf6 11. Nf2 h5 12. g3 Bd6 13. Bh3 Ne7 14. O-O g6 15. b3
Nf5 16. Bxf5 gxf5 17. c4 Qa6 18. Rb2 h4 19. Re1 hxg3 20. hxg3 Nh5 21. Nh1 Bb4
22. Bd2 Bxd2 23. Rxd2 Qg6 24. Qe3 O-O-O 25. Rg2 Rh7 26. Rc1 Kb8 27. Nf2 Nf6 28.
Rc3 Rdh8 29. Qe2 Qh6 30. cxd5 Nxd5 31. Rc5 Qd6 32. Kf1 e3 33. Qf3 Qa6+ 34. Rc4
Nb6 35. Qxe3 Nxc4 36. bxc4 Qxc4+ 37. Nd3 Rh1+ 38. Kf2 Qxa2+ 39. Kf3 Qd5+ 40. Kf2
f6 41. Nc5 Ra1 0-1

[Event "1st Grand Europe Open"]
[Site "Golden Sands BUL"]
[Date "2012.06.06"]
[Round "3.57"]
[White "Sadikhov, Ulvi"]
[Black "Kanmazalp, Ogulcan"]
[Result "0-1"]
[BlackTitle "IM"]
[WhiteElo "2120"]
[BlackElo "2379"]
[WhiteFideId "13401416"]
[BlackFideId "6304990"]
[EventDate "2012.06.04"]
[EventType "swiss"]

1. e4 c5 2. Nf3 Nc6 3. d4 cxd4 4. Nxd4 Nf6 5. Nc3 d6 6. Bc4 Bd7 7. Be3 g6 8. f3
Bg7 9. Qd2 O-O 10. h4 h5 11. O-O-O Rc8 12. Bb3 Ne5 13. Bg5 Rc5 14. Kb1 b5 15. g4
a5 16. gxh5 Nxh5 17. Nd5 Re8 18. Nf4 Nxf4 19. Qxf4 Nc4 20. Rhg1 Qb6 21. h5 a4
22. hxg6 f6 23. Bh6 Rh5 24. Bxg7 Kxg7 25. Rh1 Qxd4 26. Bxc4 bxc4 27. Qc1 Qc5 28.
Rd5 Rxh1 29. Qxh1 Rh8 0-1

[Event "1st Grand Europe Open"]
[Site "Golden Sands BUL"]
[Date "2012.06.06"]
[Round "3.59"]
[White "Erturan, Yakup"]
[Black "Mintenko, Heorhiy"]
[Result "1-0"]
[WhiteTitle "IM"]
[WhiteElo "2370"]
[BlackElo "2121"]
[WhiteFideId "6301410"]
[BlackFideId "14119102"]
[EventDate "2012.06.04"]
[EventType "swiss"]

1. e4 c5 2. Nf3 g6 3. d4 cxd4 4. Nxd4 Bg7 5. c4 Nc6 6. Be3 Nf6 7. Nc3 d6 8. Be2
O-O 9. O-O Bd7 10. Qd2 Nxd4 11. Bxd4 Bc6 12. f3 Nd7 13. Bd3 a5 14. b3 Qc7 15.
Rab1 Rab8 16. Rfc1 Rfc8 17. a3 Nc5 18. b4 axb4 19. axb4 Ne6 20. Nd5 Qd8 21. Nb6
Rc7 22. Rc2 Be8 23. Nd5 Rcc8 24. Ba7 b5 25. Bxb8 Rxb8 26. cxb5 Bxb5 27. Bxb5
Rxb5 28. Rc8 1-0

[Event "1st Grand Europe Open"]
[Site "Golden Sands BUL"]
[Date "2012.06.06"]
[Round "3.60"]
[White "Chen, Yang"]
[Black "Bulmaga, Irina"]
[Result "0-1"]
[BlackTitle "WIM"]
[WhiteElo "2094"]
[BlackElo "2370"]
[WhiteFideId "8602360"]
[BlackFideId "13903063"]
[EventDate "2012.06.04"]
[EventType "swiss"]

1. e4 c5 2. Nf3 d6 3. d4 cxd4 4. Qxd4 a6 5. Be3 Nf6 6. Nc3 e6 7. O-O-O Nc6 8.
Qd2 Qc7 9. Bf4 Ng4 10. h3 Nge5 11. Nxe5 dxe5 12. Be3 Bb4 13. a3 Be7 14. f4 b5
15. Nd5 exd5 16. exd5 Nd4 17. Bxd4 exd4 18. Qxd4 Qd6 19. Qxg7 Qxf4+ 20. Kb1 Qf6
21. Qg3 Bd6 22. Re1+ Kf8 23. Qe3 Bf5 24. Bd3 Bxd3 25. Qxd3 Re8 26. Rxe8+ Kxe8
27. Rf1 Qe5 28. Qd2 Qg7 29. Qe3+ Qe5 30. Qd2 Qg3 31. Rf3 Qg6 32. Qc3 Rg8 33.
Qc8+ Ke7 34. Re3+ Kf6 35. Qc3+ Kg5 36. Qd2 Kh5 37. g4+ Kh4 38. Rf3 Bg3 39. Qg2
Qd6 40. Rf5 Rg5 41. Rxf7 h6 42. Rf5 Rxf5 43. gxf5 Qf4 44. Qe2 Qxf5 45. Qe7+ Kxh3
46. d6 Qe5 47. Qf8 Qxd6 48. Qf5+ Kg2 49. Qe4+ Kg1 50. Qe3+ Bf2 51. Qf3 Qg3 52.
Qd1+ Kg2 53. Qd5+ Qf3 0-1

[Event "1st Grand Europe Open"]
[Site "Golden Sands BUL"]
[Date "2012.06.06"]
[Round "3.62"]
[White "Hassan, Abdullah"]
[Black "Ljangov, Petar"]
[Result "1-0"]
[WhiteTitle "IM"]
[WhiteElo "2356"]
[BlackElo "2098"]
[WhiteFideId "9300481"]
[BlackFideId "2901277"]
[EventDate "2012.06.04"]
[EventType "swiss"]

1. d4 Nf6 2. Nf3 e6 3. e3 c5 4. Bd3 Nc6 5. O-O Be7 6. c4 cxd4 7. exd4 d5 8. c5
O-O 9. a3 Ne4 10. b4 a6 11. Qe2 Ng5 12. Nbd2 Nxf3+ 13. Nxf3 Bf6 14. Bb2 Bd7 15.
Rac1 g6 16. Rfd1 Re8 17. g3 Bg7 18. Qe3 Ne7 19. Ne5 Ba4 20. Re1 Nc6 21. h4 Nxe5
22. dxe5 Bc6 23. Bd4 h5 24. Kh2 Qe7 25. Rg1 Kh8 26. Kh3 Rg8 27. g4 hxg4+ 28.
Rxg4 Qf8 29. Rcg1 Bh6 30. f4 Rg7 31. h5 gxh5 32. Rxg7 Bxg7 33. Qf3 Bd7 34. Qxh5+
Bh6 35. f5 Bb5 36. Bc2 Rc8 37. Be3 Be2 38. Qh4 Bf1+ 39. Rxf1 1-0

[Event "1st Grand Europe Open"]
[Site "Golden Sands BUL"]
[Date "2012.06.06"]
[Round "3.64"]
[White "Snuverink, Jochem"]
[Black "Bozov, Ahmet"]
[Result "1-0"]
[WhiteElo "2354"]
[BlackElo "2095"]
[WhiteFideId "1005642"]
[BlackFideId "2906082"]
[EventDate "2012.06.04"]
[EventType "swiss"]

1. e4 c5 2. Nf3 d6 3. d4 cxd4 4. Nxd4 Nf6 5. Nc3 a6 6. h3 b5 7. g4 Bb7 8. Bg2 h6
9. O-O Nbd7 10. Re1 Qc7 11. a4 bxa4 12. Nd5 Nxd5 13. exd5 Nc5 14. b4 axb3 15.
cxb3 g6 16. Bb2 Rh7 17. b4 Nd7 18. Rc1 Qb6 19. Nc6 Bc8 20. Bd4 Qb7 21. Qc2 h5
22. g5 Nb6 23. Na5 Qb8 24. Qc6+ Nd7 25. Ba7 1-0

[Event "1st Grand Europe Open"]
[Site "Golden Sands BUL"]
[Date "2012.06.06"]
[Round "3.65"]
[White "Imnadze, Nato"]
[Black "Spassov, Liuben"]
[Result "0-1"]
[BlackTitle "GM"]
[WhiteElo "2052"]
[BlackElo "2353"]
[WhiteFideId "13600974"]
[BlackFideId "2900220"]
[EventDate "2012.06.04"]
[EventType "swiss"]

1. e4 c5 2. Na3 Nc6 3. Bb5 Nf6 4. Bxc6 dxc6 5. d3 e5 6. f4 exf4 7. Bxf4 Be6 8.
Nf3 h6 9. Qe2 Be7 10. O-O O-O 11. Kh1 Re8 12. Rae1 a5 13. b3 a4 14. Nc4 b5 15.
Nce5 Qc8 16. Be3 axb3 17. axb3 Ra2 18. Rb1 Bd6 19. Qd2 Kh7 20. Bf4 Nh5 21. Ng6
Nxf4 22. Nxf4 Bxf4 23. Qxf4 Rxc2 24. Rfc1 Rxc1+ 25. Qxc1 Qd7 26. Qc3 Rd8 27. Rd1
Qd6 28. Ne1 Qd4 29. Qc2 Ra8 30. Nf3 Qb4 31. Rb1 Ra3 32. Nd2 Kg8 33. h3 Ra8 34.
Nf3 Ra3 35. Nd2 Qd4 36. Nf3 Qd6 37. Qc3 c4 38. dxc4 bxc4 39. Nd2 cxb3 40. e5 Qd5
41. Rb2 c5 42. Kh2 Ra2 43. Nb1 c4 44. Nd2 Qd3 0-1